Statistics for 2016 NBA All Star Teams

Click here to take the quiz!

General Stats

  • This quiz has been taken 9,656 times
  • The average score is 23 of 24

Answer Stats

Team Player % Correct
Cleveland CavaliersLeBron James
100%
Indiana PacersPaul George
98%
Oklahoma City ThunderKevin Durant
98%
Golden State WarriorsStephen Curry
98%
Miami HeatDwyane Wade
98%
New York KnicksCarmelo Anthony
97%
New Orleans PelicansAnthony Davis
97%
Houston RocketsJames Harden
97%
Los Angeles ClippersChris Paul
97%
Oklahoma City ThunderRussell Westbrook
97%
Washington WizardsJohn Wall
97%
Golden State WarriorsKlay Thompson
96%
Los Angeles LakersKobe Bryant
96%
Golden State WarriorsDraymond Green
96%
Toronto RaptorsKyle Lowry
96%
Chicago Bulls^Jimmy Butler
95%
Toronto RaptorsDeMar DeRozan
94%
Sacramento KingsDeMarcus Cousins
94%
San Antonio SpursKawhi Leonard
94%
Boston CelticsIsaiah Thomas
92%
Detroit PistonsAndre Drummond
92%
Miami Heat^Chris Bosh
88%
San Antonio SpursLaMarcus Aldridge
84%
Atlanta HawksPaul Millsap
83%

Score Distribution

Percentile by Number Answered

Percent of People with Each Score

Your Score History

You have not taken this quiz